Представление документа в формате MARC21

ПолеНазваниеЗначение
  Тип записи a
  Библиографический уровень m
001 Контрольный номер BIBLIOCLUB\0000614055
005 Дата корректировки 20260430154837.1
006 m o d
007 Элементы данных для физической характеристики c|||||||||||||
008 Кодируемые данные s2020 rus o rus d
020 Индекс ISBN __
a ISBN 978-5-7779-2484-1
041 Код языка издания 0_
a Код языка текста rus
084 Индекс другой классификации/Индекс ББК __
a Индекс другой классификации/Индекс ББК 22.185.41я73
b Номер единицы LBC/PL
2 Источник индекса rubbk
100 Автор 1_
a Автор Заозерская Л. А.
245 Заглавие 10
a Заглавие Методы оптимизации: целочисленное линейное программирование
b Продолж. заглавия учебное пособие
c Ответственность Л. А. Заозерская, В. П. Ильев, Т. В. Леванова
260 Выходные данные __
a Место издания Омск
b Издательство Омский государственный университет им. Ф.М. Достоевского (ОмГУ)
c Дата издания 2020
300 Физическое описание __
a Объем 40 с.
b Иллюстрации/ тип воспроизводства табл., схем.
504 Библиография __
a Библиография Библиогр.: с. 39.
653 Ключевые слова 1_
a Ключевые слова Учебник для высшей школы
700 Другие авторы _1
a Другие авторы Ильев В. П.
700 Другие авторы _1
a Другие авторы Леванова Т. В.
856 Электронный адрес документа 40
3 Область применения данных поля Университетская библиотека ONLINE
u URL https://biblioclub.ru/index.php?page=book&id=614055
900 Электронные ресурсы __
a Имя электронного ресурса https://img.biblioclub.ru/sm_cover/59992162d1145262964125542b582119sm3chse400/cover.jpg